Kapitálové účty a dlouhodobé závazky. 1.

Účtovná trieda 4 a základný majetok. Okolnosti, kedy je povolené zníženie a zvýšenie základného majetku u rôznych typov obchodných spoločností. Založenie akciovej spoločnosti a zvýšenie jej základného majetku. Emisné ážio a ostatné kapitálové fondy. Zmena hodnoty majetku u investičných spoločností a...

Descrizione completa

Salvato in:
Dettagli Bibliografici
Autore principale: Jelínek, Petr
Altri autori: Ryneš, P.
Natura: Capitolo di libro
Lingua:ceco
Soggetti:
Tags: Aggiungi Tag
Nessun Tag, puoi essere il primo ad aggiungerne!!

MARC

LEADER 00000naa a2200000 4500
001 r011831
005 20220831085414.9
041 0 |a cze 
044 |a [CS] 
245 1 0 |a Kapitálové účty a dlouhodobé závazky. 1.  |c Petr Jelínek, P. Ryneš 
520 |a Účtovná trieda 4 a základný majetok. Okolnosti, kedy je povolené zníženie a zvýšenie základného majetku u rôznych typov obchodných spoločností. Založenie akciovej spoločnosti a zvýšenie jej základného majetku. Emisné ážio a ostatné kapitálové fondy. Zmena hodnoty majetku u investičných spoločností a fondov. Oceňovacie rozdiely z kapitálových účastí. Fondy zo zisku a hospodársky výsledok. 
610 2 0 |a účtovníctvo 
610 2 0 |a majetok kmeňový 
610 2 0 |a fondy základné 
610 2 0 |a zisk podnikový 
610 2 0 |a spoločnosti obchodné 
610 2 0 |a triedy účtové 
100 1 |a Jelínek, Petr 
700 1 |a Ryneš, P.